000
00304nam a2200121Ia 4500
008
190216s9999||||xx |||||||||||||| ||und||
100
_a
"Vinod A,Venugopalan K"
245
0
_a
Advanced Financial Accounting
260
_b
Calicut University Publications
300
_a
477
650
_a
Commerce
942
_c
BK
999
_c
7554
_d
7554